US States with the Highest Percentage of Tobacco Consumption - with a Map - Statistics

General Stats
  • This quiz has been taken 338 times
  • The average score is 11 of 13
Answers on the Map
Answers color-coded by a green-red scale on the quiz's map according to % correct below.
 
Answer Stats
% Population State % Correct
21.43 Alabama
93%
26.09 West Virginia
92%
25.82 Kentucky
91%
22.96 Mississippi
91%
23.05 Louisiana
89%
23.21 Tennessee
89%
25.02 Arkansas
88%
20.83 Ohio
88%
21.46 Missouri
86%
20.38 South Carolina
86%
21.20 Oklahoma
85%
21.71 Indiana
83%
20.53 Michigan
77%
No matching quizzes found
Score Distribution
Percent of People with Each Score
Percentile by Number Answered
Your Score History
You have not taken this quiz